000 00335nam a2200121Ia 4500
008 250110s9999 xx 000 0 und d
041 _aeng
100 _aManglick Tanvi
_9182575
245 _aYouth Spiritual Centre Dehradun
260 _bFinal Year B. Arch, BNCA
_c2014
300 _a77p
700 _aGuide Name:Gokhale Vasudha
_9210250
999 _c363442
_d363442